[Event "DVM U14 2023"]
[Site "Magdeburg GER"]
[Date "2023.12.27"]
[Round "1"]
[White "Fischer, Lorenz"]
[Black "Marcziter, Alex"]
[Result "0-1"]
[Termination "normal"]
[Board "9.1"]
[WhiteElo "1630"]
[BlackElo "1843"]
[WhiteClock "00:25:38"]
[BlackClock "00:37:28"]
[WhiteTeam "SF Tegernheim"]
[BlackTeam "SG Porz"]
[PlyCount "82"]
[WhiteFideId "16296710"]
[BlackFideId "16258126"]
[EventCountry "GER"]
[EventRounds "7"]
[EventType "team-swiss"]
[EventDate "2023.12.26"]

1. d4 {[%clk 01:30:57]} {[%emt 00:00:02]} f5 {[%clk 01:30:33]} {[%emt
00:00:28]} 2. e3 {[%clk 01:30:27]} {[%emt 00:00:59]} Nf6 {[%clk 01:30:45]}
{[%emt 00:00:18]} 3. Bd3 {[%clk 01:30:23]} {[%emt 00:00:35]} e6 {[%clk
01:30:17]} {[%emt 00:00:57]} 4. Nf3 {[%clk 01:29:52]} {[%emt 00:01:02]} c6
{[%clk 01:29:05]} {[%emt 00:01:41]} 5. O-O {[%clk 01:29:25]} {[%emt 00:00:57]}
d5 {[%clk 01:29:08]} {[%emt 00:00:27]} 6. Nbd2 {[%clk 01:29:20]} {[%emt
00:00:35]} Bd6 {[%clk 01:28:42]} {[%emt 00:00:56]} 7. b3 {[%clk 01:28:45]}
{[%emt 00:01:07]} O-O {[%clk 01:27:07]} {[%emt 00:02:01]} 8. Bb2 {[%clk
01:27:52]} {[%emt 00:01:25]} Ne4 {[%clk 01:24:27]} {[%emt 00:03:09]} 9. Ne5
{[%clk 01:26:12]} {[%emt 00:02:10]} Nd7 {[%emt 00:07:48]} 10. f4 {[%clk
01:19:42]} {[%emt 00:06:58]} Rf6 {[%clk 01:13:34]} {[%emt 00:04:07]} 11. Rf3
{[%clk 01:11:25]} {[%emt 00:08:48]} Rh6 {[%clk 01:11:54]} {[%emt 00:02:11]} 12.
Bxe4 {[%clk 01:03:34]} {[%emt 00:08:20]} fxe4 {[%clk 01:09:50]} {[%emt
00:02:34]} 13. Rg3 {[%clk 01:00:44]} {[%emt 00:03:21]} Nf6 {[%clk 01:01:39]}
{[%emt 00:08:05]} 14. Qe2 Bd7 {[%clk 00:59:25]} {[%emt 00:09:12]} 15. Rf1 Qe7
{[%clk 00:57:20]} {[%emt 00:07:43]} 16. h3 Rf8 {[%clk 00:46:47]} {[%emt
00:06:10]} 17. Ng4 Rg6 18. Nxf6+ {[%clk 00:40:07]} Rfxf6 {[%clk 00:45:28]}
{[%emt 00:01:49]} 19. Rxg6 {[%clk 00:40:21]} {[%emt 00:00:18]} Rxg6 {[%clk
00:45:48]} {[%emt 00:00:09]} 20. g4 {[%clk 00:39:24]} {[%emt 00:01:29]} Qh4
{[%clk 00:44:04]} {[%emt 00:02:13]} 21. Qg2 {[%clk 00:33:45]} {[%emt 00:06:07]}
Rh6 {[%clk 00:41:02]} {[%emt 00:03:32]} 22. g5 {[%clk 00:32:42]} {[%emt
00:01:33]} Rh5 {[%clk 00:40:06]} {[%emt 00:01:29]} 23. Kh2 {[%clk 00:28:59]}
{[%emt 00:04:10]} Rxg5 {[%clk 00:36:23]} {[%emt 00:04:13]} 24. Qf2 {[%clk
00:25:21]} {[%emt 00:04:08]} Qh6 {[%clk 00:36:02]} {[%emt 00:00:51]} 25. Rg1
{[%clk 00:24:02]} {[%emt 00:01:50]} Rxg1 {[%clk 00:35:35]} {[%emt 00:00:57]}
26. Qxg1 {[%clk 00:24:26]} {[%emt 00:00:05]} Bxf4+ {[%clk 00:35:42]} {[%emt
00:00:23]} 27. exf4 {[%clk 00:23:48]} {[%emt 00:01:09]} Qxf4+ {[%clk 00:36:05]}
{[%emt 00:00:07]} 28. Qg3 {[%clk 00:23:43]} {[%emt 00:00:35]} Qxd2+ {[%clk
00:36:26]} {[%emt 00:00:08]} 29. Kg1 {[%clk 00:23:37]} {[%emt 00:00:37]} Qd1+
{[%clk 00:36:40]} {[%emt 00:00:16]} 30. Kf2 {[%clk 00:23:14]} {[%emt 00:00:52]}
Qxc2+ {[%clk 00:36:53]} {[%emt 00:00:17]} 31. Ke3 {[%clk 00:23:32]} {[%emt
00:00:12]} Qd3+ {[%clk 00:36:19]} {[%emt 00:01:03]} 32. Kf4 {[%clk 00:23:43]}
{[%emt 00:00:19]} Qd2+ {[%clk 00:36:42]} {[%emt 00:00:08]} 33. Ke5 {[%clk
00:23:30]} {[%emt 00:00:43]} Qxb2 {[%clk 00:36:58]} {[%emt 00:00:13]} 34. Kd6
{[%clk 00:23:27]} {[%emt 00:00:34]} Be8 {[%clk 00:36:29]} {[%emt 00:00:59]} 35.
Ke7 {[%clk 00:23:52]} {[%emt 00:00:05]} Qa3+ {[%clk 00:36:07]} {[%emt
00:00:52]} 36. Kxe8 {[%clk 00:24:11]} {[%emt 00:00:11]} Qf8+ {[%clk 00:36:25]}
{[%emt 00:00:12]} 37. Kd7 {[%clk 00:24:40]} {[%emt 00:00:02]} h6 {[%clk
00:36:08]} {[%emt 00:00:48]} 38. Kxe6 {[%emt 00:00:34]} Qe8+ {[%clk 00:36:24]}
{[%emt 00:00:12]} 39. Kf5 {[%clk 00:24:58]} {[%emt 00:00:10]} Qf7+ {[%clk
00:36:49]} {[%emt 00:00:05]} 40. Kg4 {[%clk 00:25:13]} {[%emt 00:00:15]} Qg6+
{[%clk 00:37:06]} {[%emt 00:00:13]} 41. Kf4 {[%clk 00:25:38]} {[%emt 00:00:05]}
Qxg3+ {[%clk 00:37:28]} {[%emt 00:00:08]} 0-1

[Event "DVM U14 2023"]
[Site "Magdeburg GER"]
[Date "2023.12.27"]
[Round "1"]
[White "Burlutskaia, Maria"]
[Black "Wittmann, Felix"]
[Result "0-1"]
[Termination "normal"]
[Board "9.2"]
[WhiteElo "1771"]
[BlackElo "1497"]
[WhiteClock "00:43:39"]
[BlackClock "00:19:55"]
[WhiteTeam "SG Porz"]
[BlackTeam "SF Tegernheim"]
[PlyCount "90"]
[WhiteFideId "34607137"]
[BlackFideId "34650784"]
[EventCountry "GER"]
[EventRounds "7"]
[EventType "team-swiss"]
[EventDate "2023.12.26"]

1. e4 {[%clk 01:30:57]} {[%emt 00:00:03]} c5 {[%clk 01:30:49]} {[%emt
00:00:11]} 2. Nc3 {[%clk 01:31:21]} {[%emt 00:00:06]} g6 {[%clk 01:30:30]}
{[%emt 00:00:49]} 3. f4 {[%clk 01:31:43]} {[%emt 00:00:08]} Bg7 {[%clk
01:30:41]} {[%emt 00:00:20]} 4. Nf3 {[%clk 01:32:03]} {[%emt 00:00:09]} e6
{[%clk 01:31:04]} {[%emt 00:00:07]} 5. Be2 {[%clk 01:26:53]} {[%emt 00:05:39]}
d6 {[%clk 01:28:05]} {[%emt 00:03:30]} 6. O-O {[%clk 01:27:06]} {[%emt
00:00:17]} Ne7 {[%clk 01:28:19]} {[%emt 00:00:18]} 7. d3 {[%clk 01:27:07]}
{[%emt 00:00:28]} O-O {[%clk 01:27:40]} {[%emt 00:01:10]} 8. Qe1 {[%clk
01:27:25]} {[%emt 00:00:11]} Nbc6 {[%clk 01:25:18]} {[%emt 00:02:52]} 9. Bd2
{[%clk 01:27:11]} {[%emt 00:00:43]} Rb8 {[%clk 01:22:02]} {[%emt 00:03:49]} 10.
Rb1 {[%clk 01:23:43]} {[%emt 00:03:56]} b5 {[%clk 01:20:31]} {[%emt 00:02:01]}
11. Bd1 {[%clk 01:23:59]} {[%emt 00:00:14]} b4 {[%clk 01:07:47]} {[%emt
00:13:13]} 12. Ne2 {[%clk 01:24:20]} {[%emt 00:00:09]} a5 {[%clk 01:07:35]}
{[%emt 00:00:42]} 13. Qh4 {[%clk 01:24:31]} {[%emt 00:00:19]} Bd7 {[%clk
01:03:09]} {[%emt 00:04:56]} 14. Ng5 {[%clk 01:23:18]} {[%emt 00:01:43]} h6
{[%clk 01:03:29]} {[%emt 00:00:10]} 15. Nf3 {[%clk 01:23:29]} {[%emt 00:00:19]}
Nc8 {[%clk 01:03:36]} {[%emt 00:00:24]} 16. Qh3 {[%clk 01:18:40]} {[%emt
00:05:18]} Nb6 {[%clk 00:45:28]} {[%emt 00:18:40]} 17. g4 {[%clk 01:11:26]}
{[%emt 00:07:43]} Kh7 {[%clk 00:35:38]} {[%emt 00:10:22]} 18. f5 {[%clk
01:08:05]} {[%emt 00:03:49]} Rh8 {[%clk 00:32:51]} {[%emt 00:03:18]} 19. Ng5+
{[%clk 00:57:55]} {[%emt 00:10:39]} Kg8 {[%clk 00:32:49]} {[%emt 00:00:33]} 20.
Nxf7 {[%clk 00:58:08]} {[%emt 00:00:16]} Kxf7 {[%emt 00:02:13]} 21. fxe6+
{[%clk 00:57:31]} {[%emt 00:01:03]} Kxe6 {[%clk 00:23:07]} {[%emt 00:08:34]}
22. Nf4+ {[%clk 00:57:39]} {[%emt 00:00:21]} Kf7 {[%clk 00:23:29]} {[%emt
00:00:09]} 23. Nxg6+ {[%clk 00:53:15]} {[%emt 00:04:53]} Kxg6 {[%clk 00:20:39]}
{[%emt 00:03:20]} 24. Qh5+ {[%clk 00:52:54]} {[%emt 00:00:50]} Kh7 {[%clk
00:21:00]} {[%emt 00:00:08]} 25. Bxh6 {[%clk 00:53:17]} {[%emt 00:00:08]} Be8
{[%clk 00:18:30]} {[%emt 00:03:00]} 26. Qh3 {[%clk 00:43:16]} {[%emt 00:10:30]}
Bxh6 {[%clk 00:18:08]} {[%emt 00:00:53]} 27. Rf5 {[%clk 00:43:31]} {[%emt
00:00:15]} Bg6 {[%clk 00:16:55]} {[%emt 00:01:43]} 28. g5 {[%clk 00:42:49]}
{[%emt 00:01:11]} Bxf5 {[%clk 00:16:03]} {[%emt 00:01:23]} 29. Qxf5+ {[%clk
00:43:06]} {[%emt 00:00:13]} Kg7 {[%clk 00:16:21]} {[%emt 00:00:13]} 30. gxh6+
{[%clk 00:42:43]} {[%emt 00:00:52]} Rxh6 {[%clk 00:16:38]} {[%emt 00:00:13]}
31. Bh5 {[%clk 00:42:16]} {[%emt 00:00:57]} Qf6 {[%clk 00:16:30]} {[%emt
00:00:38]} 32. Qg4+ {[%clk 00:42:34]} {[%emt 00:00:12]} Kh7 {[%clk 00:16:56]}
{[%emt 00:00:06]} 33. Rf1 {[%clk 00:42:13]} {[%emt 00:00:51]} Rg8 {[%clk
00:16:44]} {[%emt 00:00:41]} 34. Qxg8+ {[%clk 00:40:52]} {[%emt 00:01:50]} Kxg8
{[%clk 00:17:06]} {[%emt 00:00:08]} 35. Rxf6 {[%clk 00:41:17]} {[%emt
00:00:05]} Rxf6 {[%clk 00:17:30]} {[%emt 00:00:07]} 36. Kg2 {[%clk 00:41:36]}
{[%emt 00:00:11]} Na4 {[%clk 00:17:48]} {[%emt 00:00:12]} 37. Be8 {[%clk
00:41:50]} {[%emt 00:00:16]} Nxb2 {[%clk 00:17:46]} {[%emt 00:00:32]} 38. Bxc6
{[%clk 00:42:13]} {[%emt 00:00:06]} Nd1 {[%clk 00:17:45]} {[%emt 00:00:31]} 39.
Bd5+ {[%clk 00:42:09]} {[%emt 00:00:35]} Kg7 {[%clk 00:18:01]} {[%emt
00:00:14]} 40. Bc6 {[%clk 00:42:11]} {[%emt 00:00:28]} Nc3 {[%clk 00:18:12]}
{[%emt 00:00:19]} 41. h4 {[%clk 00:42:23]} {[%emt 00:00:17]} Nxa2 {[%clk
00:18:34]} {[%emt 00:00:09]} 42. Kg3 {[%clk 00:42:42]} {[%emt 00:00:11]} Nc3
{[%clk 00:18:57]} {[%emt 00:00:07]} 43. h5 {[%clk 00:43:01]} {[%emt 00:00:10]}
a4 {[%clk 00:19:21]} {[%emt 00:00:06]} 44. Bxa4 {[%clk 00:43:22]} {[%emt
00:00:09]} Nxa4 {[%clk 00:19:47]} {[%emt 00:00:04]} 45. Kg4 {[%clk 00:43:39]}
{[%emt 00:00:13]} Nb2 {[%clk 00:19:55]} {[%emt 00:00:23]} 0-1

[Event "DVM U14 2023"]
[Site "Magdeburg GER"]
[Date "2023.12.27"]
[Round "1"]
[White "Fischer, Quirin"]
[Black "Blomer, Moritz"]
[Result "1/2-1/2"]
[Termination "normal"]
[Board "9.3"]
[WhiteElo "1383"]
[BlackElo "1761"]
[WhiteTeam "SF Tegernheim"]
[BlackTeam "SG Porz"]
[PlyCount "82"]
[WhiteFideId "34623787"]
[BlackFideId "34608370"]
[EventCountry "GER"]
[EventRounds "7"]
[EventType "team-swiss"]
[EventDate "2023.12.26"]

1. e4 {[%emt 08:34:37]} c6 {[%emt 00:00:04]} 2. d4 {[%emt 00:00:04]} d5 {[%emt
00:00:09]} 3. exd5 {[%emt 00:00:05]} cxd5 {[%emt 00:00:09]} 4. c3 {[%emt
00:00:10]} Bf5 {[%emt 00:00:14]} 5. Bd3 {[%emt 00:00:08]} Bxd3 {[%emt
00:00:56]} 6. Qxd3 {[%emt 00:00:08]} e6 {[%emt 00:00:15]} 7. Nf3 {[%emt
00:00:13]} Bd6 {[%emt 00:01:12]} 8. Bg5 {[%emt 00:00:11]} Qb6 {[%emt 00:00:49]}
9. Qc2 {[%emt 00:00:42]} Nc6 {[%emt 00:01:14]} 10. Nbd2 {[%emt 00:00:45]} Nge7
{[%emt 00:02:10]} 11. O-O {[%emt 00:06:32]} O-O {[%emt 00:09:46]} 12. Rfe1
{[%emt 00:04:22]} Ng6 {[%emt 00:07:34]} 13. Rab1 {[%emt 00:00:38]} Rfc8 {[%emt
00:02:58]} 14. Qb3 {[%emt 00:00:27]} Na5 {[%emt 00:03:38]} 15. Qxb6 {[%emt
00:15:15]} axb6 {[%emt 00:00:10]} 16. Ne5 {[%emt 00:00:18]} Nc6 {[%emt
00:04:20]} 17. Nxg6 {[%emt 00:02:09]} hxg6 {[%emt 00:00:12]} 18. a3 {[%emt
00:00:23]} Re8 {[%emt 00:01:22]} 19. Nf3 {[%emt 00:00:20]} f6 {[%emt 00:00:20]}
20. Bd2 {[%emt 00:00:14]} Kf7 {[%emt 00:01:10]} 21. Kf1 {[%emt 00:07:28]} g5
{[%emt 00:03:26]} 22. h3 {[%emt 00:03:00]} Rh8 {[%emt 00:03:58]} 23. Kg1 {[%emt
00:05:44]} Bf4 {[%emt 00:06:41]} 24. Bxf4 {[%emt 00:01:41]} gxf4 {[%emt
00:00:08]} 25. Re2 {[%emt 00:01:37]} g5 {[%emt 00:10:36]} 26. Rbe1 {[%emt
00:05:51]} Rae8 {[%emt 00:01:24]} 27. a4 {[%emt 00:05:08]} Na5 {[%emt
00:03:58]} 28. Nd2 {[%emt 00:03:33]} Re7 {[%emt 00:09:34]} 29. b4 {[%emt
00:00:22]} Nc6 {[%emt 00:00:16]} 30. Nb1 {[%emt 00:04:13]} Ra8 {[%emt
00:00:48]} 31. b5 {[%emt 00:01:13]} Nd8 {[%emt 00:02:21]} 32. Ra2 {[%emt
00:00:16]} Rc7 {[%emt 00:00:44]} 33. Ree2 {[%emt 00:03:03]} Rc4 {[%emt
00:01:32]} 34. Ra3 {[%emt 00:00:29]} Rcxa4 {[%emt 00:02:25]} 35. Rea2 {[%emt
00:00:08]} Rxa3 {[%emt 00:02:07]} 36. Rxa3 {[%emt 00:00:02]} Rxa3 {[%emt
00:10:44]} 37. Nxa3 {[%emt 00:00:02]} e5 {[%emt 00:00:14]} 38. Kf1 {[%emt
00:00:07]} Ne6 {[%emt 00:01:04]} 39. Nc2 {[%emt 00:00:10]} Nc7 {[%emt
00:01:21]} 40. Na3 {[%emt 00:00:22]} Ne6 {[%emt 00:03:12]} 41. Nc2 {[%emt
00:00:08]} Nc7 {[%emt 00:02:24]} 1/2-1/2

[Event "DVM U14 2023"]
[Site "Magdeburg GER"]
[Date "2023.12.27"]
[Round "1"]
[White "Klein, Levent"]
[Black "Beberhold, Otto Richard"]
[Result "1-0"]
[Termination "normal"]
[Board "10.1"]
[WhiteElo "1735"]
[BlackElo "1447"]
[WhiteClock "00:11:37"]
[BlackClock "00:09:21"]
[WhiteTeam "SG Kaiserslautern 1905"]
[BlackTeam "SSV Vimaria 91 Weimar"]
[PlyCount "67"]
[WhiteFideId "34611274"]
[BlackFideId "34617248"]
[EventCountry "GER"]
[EventRounds "7"]
[EventType "team-swiss"]
[EventDate "2023.12.26"]

1. d4 {[%clk 01:30:57]} {[%emt 00:00:02]} f5 {[%clk 01:30:55]} {[%emt
00:00:06]} 2. c4 {[%clk 01:31:07]} {[%emt 00:00:20]} Nf6 {[%clk 01:31:19]}
{[%emt 00:00:06]} 3. Nc3 {[%clk 01:31:30]} {[%emt 00:00:07]} e6 {[%clk
01:31:27]} {[%emt 00:00:22]} 4. Nf3 {[%clk 01:30:53]} {[%emt 00:01:07]} Bb4
{[%clk 01:31:44]} {[%emt 00:00:13]} 5. Qc2 {[%clk 01:25:20]} {[%emt 00:06:03]}
c5 {[%clk 01:23:03]} {[%emt 00:09:10]} 6. Bd2 {[%clk 01:23:48]} {[%emt
00:02:01]} cxd4 {[%clk 01:17:14]} {[%emt 00:06:20]} 7. Nxd4 {[%clk 01:24:08]}
{[%emt 00:00:10]} Qb6 {[%clk 01:17:04]} {[%emt 00:00:39]} 8. e3 {[%clk
01:06:14]} {[%emt 00:18:25]} Nc6 {[%clk 01:07:21]} {[%emt 00:10:12]} 9. Nb3
{[%clk 01:01:39]} {[%emt 00:05:05]} O-O {[%clk 01:03:27]} {[%emt 00:04:24]} 10.
Be2 {[%clk 00:56:07]} {[%emt 00:06:02]} Bxc3 {[%clk 00:58:11]} {[%emt
00:05:46]} 11. Bxc3 {[%clk 00:45:55]} {[%emt 00:10:42]} Qc7 {[%clk 00:52:10]}
{[%emt 00:06:30]} 12. O-O {[%clk 00:38:21]} {[%emt 00:08:05]} Ne4 {[%clk
00:50:46]} {[%emt 00:01:53]} 13. Nd2 {[%clk 00:32:17]} {[%emt 00:06:35]} Nxc3
{[%clk 00:48:59]} {[%emt 00:02:17]} 14. Qxc3 {[%clk 00:32:39]} {[%emt
00:00:08]} b6 {[%clk 00:47:59]} {[%emt 00:01:29]} 15. Bf3 {[%clk 00:29:53]}
{[%emt 00:03:16]} Rb8 {[%clk 00:29:47]} {[%emt 00:18:42]} 16. Rfe1 {[%clk
00:23:24]} {[%emt 00:07:00]} Ne5 {[%clk 00:28:00]} {[%emt 00:02:16]} 17. Rad1
{[%clk 00:18:23]} {[%emt 00:05:31]} Nxf3+ {[%clk 00:19:03]} {[%emt 00:09:28]}
18. Nxf3 {[%clk 00:17:38]} {[%emt 00:01:15]} Bb7 {[%clk 00:18:44]} {[%emt
00:00:48]} 19. Qe5 {[%clk 00:16:57]} {[%emt 00:01:12]} Rbc8 {[%clk 00:14:45]}
{[%emt 00:04:28]} 20. Qxc7 {[%clk 00:16:26]} {[%emt 00:01:01]} Rxc7 {[%clk
00:15:05]} {[%emt 00:00:10]} 21. Ne5 {[%clk 00:16:16]} {[%emt 00:00:39]} Rd8
{[%clk 00:15:02]} {[%emt 00:00:34]} 22. Rd6 {[%clk 00:16:33]} {[%emt 00:00:13]}
g5 {[%clk 00:13:31]} {[%emt 00:02:02]} 23. Red1 {[%clk 00:16:41]} {[%emt
00:00:22]} Kg7 {[%clk 00:12:25]} {[%emt 00:01:36]} 24. Rxe6 {[%clk 00:10:19]}
{[%emt 00:06:52]} dxe6 {[%clk 00:11:58]} {[%emt 00:00:56]} 25. Rxd8 {[%clk
00:10:44]} {[%emt 00:00:06]} Kf6 {[%clk 00:12:17]} {[%emt 00:00:11]} 26. f4
{[%clk 00:10:52]} {[%emt 00:00:22]} gxf4 {[%clk 00:12:15]} {[%emt 00:00:33]}
27. exf4 {[%clk 00:11:18]} {[%emt 00:00:04]} Rg7 {[%clk 00:12:38]} {[%emt
00:00:07]} 28. g3 {[%clk 00:11:43]} {[%emt 00:00:05]} h5 {[%clk 00:10:38]}
{[%emt 00:02:29]} 29. Rh8 {[%clk 00:11:30]} {[%emt 00:00:43]} Ba6 {[%clk
00:09:01]} {[%emt 00:02:07]} 30. Rxh5 {[%clk 00:11:03]} {[%emt 00:00:57]} Rc7
{[%clk 00:09:06]} {[%emt 00:00:24]} 31. b3 {[%clk 00:11:20]} {[%emt 00:00:14]}
b5 {[%clk 00:08:45]} {[%emt 00:00:51]} 32. Rh6+ {[%clk 00:11:27]} {[%emt
00:00:20]} Ke7 {[%clk 00:09:09]} {[%emt 00:00:10]} 33. Rh7+ {[%clk 00:11:37]}
{[%emt 00:00:19]} Kd6 {[%clk 00:09:21]} {[%emt 00:00:18]} 34. c5+ {[%emt
00:00:32]} 1-0

[Event "DVM U14 2023"]
[Site "Magdeburg GER"]
[Date "2023.12.27"]
[Round "1"]
[White "Bock, Leonas"]
[Black "Steinbrenner, Peter"]
[Result "0-1"]
[Termination "normal"]
[Board "10.2"]
[WhiteElo "1302"]
[BlackElo "1698"]
[WhiteClock "00:05:25"]
[BlackClock "00:01:09"]
[WhiteTeam "SSV Vimaria 91 Weimar"]
[BlackTeam "SG Kaiserslautern 1905"]
[PlyCount "70"]
[WhiteFideId "16287118"]
[BlackFideId "34645535"]
[EventCountry "GER"]
[EventRounds "7"]
[EventType "team-swiss"]
[EventDate "2023.12.26"]

1. e4 {[%clk 01:30:38]} {[%emt 00:00:21]} c5 {[%clk 01:30:56]} {[%emt
00:00:05]} 2. Nf3 {[%clk 01:30:53]} {[%emt 00:00:14]} d6 {[%clk 01:31:20]}
{[%emt 00:00:06]} 3. Bb5+ {[%clk 01:30:52]} {[%emt 00:00:31]} Bd7 {[%clk
01:30:36]} {[%emt 00:01:14]} 4. Bxd7+ {[%clk 01:31:04]} {[%emt 00:00:18]} Qxd7
{[%clk 01:31:01]} {[%emt 00:00:05]} 5. O-O {[%clk 01:31:00]} {[%emt 00:00:34]}
e5 {[%clk 01:29:17]} {[%emt 00:02:15]} 6. Qe2 {[%clk 01:28:16]} {[%emt
00:03:14]} g6 {[%clk 01:27:20]} {[%emt 00:02:27]} 7. d3 {[%clk 01:26:37]}
{[%emt 00:02:08]} Bg7 {[%clk 01:26:42]} {[%emt 00:01:08]} 8. Nc3 {[%clk
01:20:48]} {[%emt 00:06:19]} Ne7 {[%clk 01:26:26]} {[%emt 00:00:46]} 9. Nd5
{[%clk 01:16:44]} {[%emt 00:04:34]} Nbc6 {[%clk 01:25:04]} {[%emt 00:01:53]}
10. Bd2 {[%clk 01:12:21]} {[%emt 00:04:53]} O-O {[%clk 01:24:07]} {[%emt
00:01:28]} 11. c4 {[%clk 01:06:43]} {[%emt 00:06:07]} Nxd5 {[%clk 01:19:46]}
{[%emt 00:04:51]} 12. exd5 {[%clk 01:04:46]} {[%emt 00:02:27]} Ne7 {[%clk
01:18:56]} {[%emt 00:01:19]} 13. Rfe1 {[%clk 00:59:36]} {[%emt 00:05:40]} Rae8
{[%clk 01:16:21]} {[%emt 00:03:05]} 14. Rab1 {[%clk 00:52:32]} {[%emt
00:07:33]} h6 {[%clk 01:16:19]} {[%emt 00:00:34]} 0-1

[Event "DVM U14 2023"]
[Site "Magdeburg GER"]
[Date "2023.12.27"]
[Round "1"]
[White "Arne, Jonas"]
[Black "Kalinin, Alexej"]
[Result "1-0"]
[Termination "normal"]
[Board "10.3"]
[WhiteElo "1530"]
[BlackElo "1376"]
[WhiteClock "00:21:57"]
[BlackClock "00:08:07"]
[WhiteTeam "SG Kaiserslautern 1905"]
[BlackTeam "SSV Vimaria 91 Weimar"]
[PlyCount "76"]
[WhiteFideId "34640398"]
[BlackFideId "34617167"]
[EventCountry "GER"]
[EventRounds "7"]
[EventType "team-swiss"]
[EventDate "2023.12.26"]

1. d4 {[%clk 01:30:56]} {[%emt 00:00:04]} f5 {[%clk 01:30:51]} {[%emt
00:00:09]} 2. Nf3 {[%clk 01:31:21]} {[%emt 00:00:05]} Nf6 {[%clk 01:30:56]}
{[%emt 00:00:25]} 3. c4 {[%clk 01:31:23]} {[%emt 00:00:29]} e6 {[%clk
01:31:10]} {[%emt 00:00:16]} 4. Nc3 {[%clk 01:31:40]} {[%emt 00:00:13]} Bb4
{[%clk 01:28:31]} {[%emt 00:03:08]} 5. Qb3 {[%clk 01:29:22]} {[%emt 00:02:49]}
c5 {[%clk 01:24:50]} {[%emt 00:04:10]} 6. Bd2 {[%clk 01:23:16]} {[%emt
00:06:36]} b6 {[%clk 01:03:13]} {[%emt 00:22:07]} 7. e3 {[%clk 01:22:07]}
{[%emt 00:01:39]} O-O {[%clk 00:52:49]} {[%emt 00:10:53]} 8. Be2 {[%clk
01:20:12]} {[%emt 00:02:26]} Bb7 {[%clk 00:50:24]} {[%emt 00:02:55]} 9. a3
{[%clk 01:19:58]} {[%emt 00:00:44]} Bxc3 {[%clk 00:50:15]} {[%emt 00:00:39]}
10. Bxc3 {[%clk 01:19:44]} {[%emt 00:00:45]} Ne4 {[%clk 00:47:50]} {[%emt
00:02:55]} 11. dxc5 {[%clk 01:15:56]} {[%emt 00:04:19]} Nxc5 {[%clk 00:41:05]}
{[%emt 00:07:14]} 12. Qd1 {[%clk 01:12:23]} {[%emt 00:04:03]} Ne4 {[%clk
00:37:09]} {[%emt 00:04:25]} 13. Bb4 {[%clk 01:08:33]} {[%emt 00:04:20]} Rf6
{[%clk 00:34:25]} {[%emt 00:03:14]} 14. O-O {[%clk 00:58:15]} {[%emt 00:10:49]}
Nc6 {[%clk 00:24:26]} {[%emt 00:10:29]} 15. Be1 {[%clk 00:54:03]} {[%emt
00:04:42]} Qc7 {[%clk 00:21:36]} {[%emt 00:03:19]} 16. Nd2 {[%clk 00:51:10]}
{[%emt 00:03:23]} Rh6 {[%clk 00:21:02]} {[%emt 00:01:05]} 17. f4 {[%clk
00:43:11]} {[%emt 00:08:29]} Ne7 {[%clk 00:18:01]} {[%emt 00:03:30]} 18. Nxe4
{[%clk 00:41:10]} {[%emt 00:02:31]} Bxe4 {[%clk 00:17:18]} {[%emt 00:01:13]}
19. Bf3 {[%clk 00:36:14]} {[%emt 00:05:26]} Rd8 {[%clk 00:08:12]} {[%emt
00:09:35]} 20. Rc1 {[%clk 00:31:49]} {[%emt 00:04:56]} Qc5 {[%clk 00:06:36]}
{[%emt 00:02:06]} 21. Qe2 {[%clk 00:18:58]} {[%emt 00:13:21]} Nd5 {[%clk
00:05:28]} {[%emt 00:01:38]} 22. Bf2 {[%clk 00:19:07]} {[%emt 00:00:20]} Nf6
{[%clk 00:05:27]} {[%emt 00:00:31]} 23. b4 {[%clk 00:17:40]} {[%emt 00:01:57]}
Qc6 {[%clk 00:05:08]} {[%emt 00:00:49]} 24. Be1 {[%clk 00:17:15]} {[%emt
00:00:56]} Qa4 {[%clk 00:03:51]} {[%emt 00:01:47]} 25. Qb2 {[%clk 00:15:13]}
{[%emt 00:02:32]} Ng4 {[%clk 00:03:12]} {[%emt 00:01:09]} 26. Bxg4 {[%clk
00:12:03]} {[%emt 00:03:40]} fxg4 {[%clk 00:03:26]} {[%emt 00:00:16]} 27. Bc3
{[%clk 00:11:34]} {[%emt 00:00:59]} Rg6 {[%clk 00:03:21]} {[%emt 00:00:35]} 28.
b5 {[%clk 00:10:19]} {[%emt 00:01:44]} Bd3 {[%clk 00:03:11]} {[%emt 00:00:40]}
29. Rfd1 {[%clk 00:07:44]} {[%emt 00:03:06]} Bxc4 {[%clk 00:02:48]} {[%emt
00:00:53]} 30. Rb1 {[%clk 00:07:12]} {[%emt 00:01:02]} Bd5 {[%clk 00:02:31]}
{[%emt 00:00:47]} 31. Rd4 {[%clk 00:06:50]} {[%emt 00:00:53]} Bc4 {[%clk
00:02:14]} {[%emt 00:00:46]} 32. Qc1 {[%clk 00:06:01]} {[%emt 00:01:19]} d5
{[%clk 00:01:18]} {[%emt 00:01:26]} 33. Rb4 {[%clk 00:05:36]} {[%emt 00:00:55]}
Qa5 {[%clk 00:01:23]} {[%emt 00:00:25]} 34. Rbxc4 {[%clk 00:05:28]} {[%emt
00:00:38]} Qxb5 {[%clk 00:01:24]} {[%emt 00:00:29]} 35. Rc7 {[%clk 00:05:25]}
{[%emt 00:00:32]} a6 {[%clk 00:01:09]} {[%emt 00:00:46]} 0-1